00520nam a2200169Ia 450000500170000000800410001702000150005808200130007310000130008624500360009926000370013530000130017250000490018594200060023495200950024099900150033520250509035838.0240331s9999 xx 000 0 und d a9559529021 a060bCLA aClark, A 0a2010 Abyavakash Weera Charikawa aNew YorkbBellantine booksc1991 a235 p ., a2010 - A Space Odyssey (Sinhala Translation) cL 001040708LaWERCLbWERCLcSSCd2024-03-31l0o 060 CLAp1078r2024-03-31w2024-03-31yL c1305d1305